000 00655nam a2200277Ia 4500
005 20260324130522.0
008 008 260324s9999 xx 000 0 eng d
020 _a9780429133084
037 _aEBOOK
040 _aCRL
040 _beng
040 _cCRL
041 _2eng
041 _aeng
084 _qCRL
100 _aPaolo Bellavista; Antonio Corradi
_91182090
245 4 _aThe Handbook of Mobile Middleware
260 _bTaylor and Francis
260 _c2007
365 _a
365 _b370
856 _uhttp://www.taylorfrancis.com/books/9780429133084
942 _cEBOOK
999 _c1778316
_d1778316